Sylvester Stallone Movies - Sudden Death - Statistics

General Stats
  • This quiz has been taken 557 times
    349 since last reset
  • The average score is 7 of 15
Answers on the Grid
Answers color-coded by a green-red scale on the quiz's grid according to % correct below.
Rocky
First Blood
The Terminator
Predator
Creed
Total Recall
The Specialist
Twins
Sin City
Commando
Bloodsport
Cop Land
Kickboxer
The Sixth Sense
Assassins
Death Race 2000
Universal Soldier
Double Impact
Shade
The Transporter
Cliffhanger
The Mechanic
Armageddon
Tango & Cash
Conan the Barbarian
Lock Up
Crank
Mad Max
Nighthawks
The Fifth Element
Die Hard
The Expendables
Lethal Weapon
Judge Dredd
Red Heat
Passenger 57
Hacksaw Ridge
The Jackal
Demolition Man
 
Answer Stats
Answer % Correct
Rocky
80%
Creed
65%
First Blood
65%
The Expendables
65%
Judge Dredd
56%
Cliffhanger
54%
Demolition Man
54%
Tango & Cash
48%
Cop Land
45%
The Specialist
34%
Assassins
31%
Lock Up
31%
Nighthawks
23%
Death Race 2000
19%
Shade
15%
No matching quizzes found
Score Distribution
Percent of People with Each Score
Percentile by Number Answered
Your Score History
You have not taken this quiz since the last reset